Discographie de Makala - Statistiques

Statistiques générales
  • Ce quiz a été pris 25 fois
  • Le résultat moyen est 28 sur 73
Statistiques - réponses
Réponse % Correct
Outro
76%
Brigitte Barbade
71%
Goatier
71%
Gun Love Fiction
71%
Radio Suicide
71%
ICICÉLAO
65%
Intro SLR
65%
King Pistol
65%
La Clef
65%
Le roi de la Floride
65%
Outrow
65%
Savannah
65%
Al Dente
59%
Bankable
59%
Budapest
59%
Gurlz Tower
59%
Intro X6
59%
Lazer Malvo
59%
Les barrages
59%
McEnroe
59%
Movie
59%
Piscine privée
59%
Tante VV
59%
Algenubi
53%
Big Boy Mak
53%
Boss
53%
Fashion Week
53%
Hit Machine
53%
Lards
53%
Nice Smile / Mr. Synopsis
53%
Oui oui xtndo
53%
Strike Mood
53%
Film d'action
47%
Liberty
47%
Margaret Dry
47%
S.O.S
47%
Varaignée
47%
Viral
47%
ZZ Predator
47%
Civilisation
41%
Golf
41%
Insta Babies
41%
Prison Break
41%
Sad Boy
41%
Roger That
35%
Belly
29%
Makala
29%
Cadillac
24%
Face B
18%
MoloMolo
18%
Pink Flamingo
18%
Steak Mariné
18%
Babidi
12%
Black Dracula
12%
#Habba
12%
Introlude
12%
Mexico
12%
Pepele
12%
Shivû
12%
Arrogant
6%
Asie
6%
Banderas
6%
Big Daddy Mak
6%
Ekinox
6%
Escobarz
6%
Hastalavista
6%
Jon Snow
6%
Kubilaï
6%
Mamacita
6%
Méchant
6%
Mumbai
6%
Sacrilège
6%
Voce
6%
Aucun quiz correspondant
Distribution des résultats
% des personnes avec chaque résultat
Percentile par nombre de réponses
Votre historique - résultats
Vous n’avez pas pris ce quiz